000
00215 a2200097 4500
001
46950
100
_a
Kitson F
245
_a
Law Intensity Operations
260
_a
London
_b
Faber & Faber
_c
090
_c
30026
_d
30026
942
_a
NUST-CAE
_c
M
_c
22255
999
_c
282023
_d
282023